| Поле | Инд. | ПП | Название | Значение |
|---|---|---|---|---|
| Тип записи | a | |||
| Библиографический уровень | b | |||
| 001 | Контрольный номер | DU/519750455 | ||
| 005 | Дата корректировки | 20200630193201.9 | ||
| 008 | Кодируемые данные | 20160620 | ||
| 040 | b | Код языка каталог. | rus | |
| e | Правила каталог. | PSBO | ||
| 041 | 0_ | a | Код языка текста | rus |
| 084 | a | Индекс другой классификации/Индекс ББК | 60.73(2Рос)-4 | |
| 100 | 1_ | a | Автор | Новгородова А. В. |
| q | Полное имя | Новгородова Алёна Викторовна | ||
| 245 | 10 | a | Заглавие | Потерянные годы жизни - индикатор здоровья населения |
| 504 | a | Библиография | Лит. в конце статьи | |
| 650 | 14 | a | Основная рубрика | демография |
| a | Основная рубрика | народонаселение | ||
| 653 | 1_ | a | Ключевые слова | демографическая нагрузка |
| a | Ключевые слова | демографическая политика | ||
| a | Ключевые слова | демографическое развитие | ||
| a | Ключевые слова | естественное движение населения | ||
| a | Ключевые слова | здоровье населения | ||
| a | Ключевые слова | миграция населения | ||
| a | Ключевые слова | показатель потерянных лет жизни | ||
| a | Ключевые слова | политика здравоохранения | ||
| a | Ключевые слова | преждевременная смертность | ||
| a | Ключевые слова | причины смерти | ||
| a | Ключевые слова | Россия | ||
| a | Ключевые слова | смертность | ||
| a | Ключевые слова | социальная политика | ||
| a | Ключевые слова | социальное государство | ||
| a | Ключевые слова | социально-экономические проблемы | ||
| a | Ключевые слова | социальные реформы | ||
| a | Ключевые слова | социальный вопрос | ||
| a | Ключевые слова | старение населения | ||
| a | Ключевые слова | трудоспособное население | ||
| a | Ключевые слова | уровень жизни | ||
| a | Ключевые слова | человеческий потенциал | ||
| a | Ключевые слова | численность населения | ||
| 773 | 08 | t | Заглавие источника | Народонаселение |
| d | Дата издания источника | 2015 | ||
| g | Прочая информация | № 2. - С. 74 - 86 : табл., граф. | ||
| w | Контрольный № источника | RU/IS/BASE/491918304 | ||
| 901 | t | Тип документа | b |